|
|
|
|
| LEADER |
01302nam a22002897a 4500 |
| 001 |
37222 |
| 003 |
BD-DhAAL |
| 005 |
20211123112739.0 |
| 008 |
210921b2015 enka|||| b||| 001 0 eng d |
| 999 |
|
|
|c 42178
|d 42178
|
| 020 |
|
|
|a 9781447980254
|
| 040 |
|
|
|a BD-DhAAL
|
| 082 |
|
|
|a 428.24
|2 22
|
| 100 |
|
|
|a Harmer, Jeremy
|9 42111
|
| 245 |
|
|
|a The practice of English language teaching /
|c Jeremy Harmer
|
| 250 |
|
|
|a Fifth edition.
|
| 260 |
|
|
|a Harlow, England :
|b Pearson/Longman,
|c 2015.
|
| 300 |
|
|
|a x, 446 pages :
|b color illustrations ;
|c 25 cm. +
|e 1 DVD-ROM (4 3/4 in.)
|
| 504 |
|
|
|a Includes bibliographical references ( pages 426-437) and index.
|
| 526 |
|
|
|a ENH
|
| 541 |
|
|
|a Development Book Agency
|e 37222, 37223
|
| 650 |
|
|
|a English language
|x Study and teaching
|x Foreign speakers.
|9 42112
|
| 650 |
|
|
|a English language.
|9 43018
|
| 852 |
|
|
|a Ayesha Abed Library
|c General Stacks
|
| 942 |
|
|
|2 ddc
|c BK
|
| 952 |
|
|
|0 0
|1 0
|2 ddc
|4 0
|6 428_240000000000000_HAR
|7 0
|9 69401
|a BRACUL
|b BRACUL
|c GEN
|d 2021-09-21
|e Development Book Agency
|l 3
|m 22
|o 428.24 HAR
|p 3010037222
|r 2026-01-03
|s 2025-10-07
|t 1
|w 2021-09-21
|y BK
|
| 952 |
|
|
|0 0
|1 0
|2 ddc
|4 0
|6 428_240000000000000_HAR
|7 0
|9 69402
|a BRACUL
|b BRACUL
|c GEN
|d 2021-09-21
|e Development Book Agency
|l 2
|m 24
|o 428.24 HAR
|p 3010037223
|q 2026-05-21
|r 2026-02-01
|s 2026-02-01
|t 2
|w 2021-09-21
|y BK
|